000 00262nam a2200097Ia 4500
001 1101924
005 20250827003312.0
008 250824s9999 xx 000 0 und d
245 0 _aAVRUPANIN ELLİ BÜYÜK YALANI
_cMUSTAFA ARMAĞAN
260 _bKETEBE YAYINLARI
999 _c1101924
_d1101924